000
00312nam a22001337a 4500
008
170919b xxu||||| |||| 00| 0 eng d
020
_a
9780192842428
041
_a
eng
080
_a
7
100
_a
44
101
_a
ART
245
_a
THE ART OF ART HISTORY: A CRITICAL ANTHOLOGY
_c
PREZIOSI,D
942
_2
udc
_c
BK
999
_c
28305
_d
28305